Klavírna tvorba slovenských skladateľov v 19. storočí

Bibliographic Details
Main Author: Kručayová, Alena (Author)
Format: Article
Language:Slovak
ISSN:1336-5983
Subjects:

MARC

LEADER 00000nab a2200000 ar4500
001 vtls008998338
003 SK-MaSNL
005 20260303065840.0
008 070613c2007 xo ur|p|||||||000 b|slo
015 |a SNBRB2007/06  |2 snkbucl 
038 |a SNKBUCL 
040 |a SNKBUCL  |b slo  |c SNKBUCL  |e AACR2 
041 0 |a slo 
044 |a xo  |c SK 
080 |a 78.071.1:786.2  |x "18"  |2 2001 
080 |a 786.2  |2 2001 
100 1 |a Kručayová, Alena  |4 aut  |9 355341 
245 1 0 |a Klavírna tvorba slovenských skladateľov v 19. storočí  |c Alena Kručayová 
500 |a Poznámky 
500 |a Pokračovanie v budúcom čísle 
600 1 7 |a Sucháň, Martin,  |d 1792-1842  |2 snkbucl  |9 1066466 
600 1 7 |a Füredy, Ladislav,  |d 1794-1850  |2 snkbucl  |9 1066467 
600 1 7 |a Fajnor, Štefan,  |d 1844-1909  |2 snkbucl  |9 162081 
600 1 7 |a Krčméry, August Horislav,  |d 1822-1891  |2 snkbucl  |9 11208 
648 7 |a 19. stor.  |2 snkbucl  |9 278793 
650 0 7 |a slovenskí hudobní skladatelia,  |2 snkbucl  |9 652154 
650 0 7 |a hudba pre klavír  |2 snkbucl  |9 3372 
773 0 |t Tempo  |g Roč. 4, č. 1 (2007), s. 15-17  |x 1336-5983 
852 |a SNK  |b KIS3GCP 
958 |a SK 
999 |c 1752981  |d 1754911